La ideología de la solidaridad comunal

Guardado en:
Bibliografiske detaljer
Hovedforfatter: Vega Carballo, José Luis
Format: Texto
Udgivet: s.n.t. :
Tags: Tilføj Tag
Ingen Tags, Vær først til at tagge denne postø!

MARC

LEADER 00000 a a2200000 04500
001 12753
003
040
090 |a 016000  
100 |a Vega Carballo, José Luis  
245 |a La ideología de la solidaridad comunal  
260 |a s.n.t. :  
300 |a 2 p.  
999 |c 15373  |d 15373